| 000 | 00540nam a2200181Ia 4500 | ||
|---|---|---|---|
| 005 | 20260427115454.0 | ||
| 008 | 231207s9999 xx 000 0 und d | ||
| 020 | _a9698329005 | ||
| 040 | _cPK-LaNCA | ||
| 082 |
_a080 _bWOR |
||
| 100 | _aRiaz Ahmad | ||
| 245 | 4 | _aThe works of Quaid-i-Azam Muhammad Ali Jinnah 1893-1912 | |
| 260 |
_bQuaid-i-Azam University _aIslamabad _c1996 |
||
| 300 | _ali, 468p | ||
| 546 | _aEnglish | ||
| 650 | _aMuhammad Ali Jinnah, 1875-1948--Public life--Documents collection. Pakistan--history. | ||
| 942 | _cBK | ||
| 999 |
_c10022 _d10022 |
||